| 000 | 00476nam a2200145Ia 4500 | ||
|---|---|---|---|
| 008 | 170221s9999 xx 000 0 und d | ||
| 100 | _aS. Arulchelvan | ||
| 245 | _aNew media communication strategies for election campaigns: Experiences of Indian political parties | ||
| 245 | _cS. Arulchelvan | ||
| 260 | _bOnline Journal of Communication and Media Technologies | ||
| 300 | _a20 : | ||
| 650 | _xCommunication | ||
| 650 | _xMedia Arts | ||
| 856 | _uhttp://www.ojcmt.net/ | ||
| 999 |
_c309080 _d309080 |
||